| 000 | 00833nam0a22002651 4500 | ||
|---|---|---|---|
| 001 | rc\2995932 | ||
| 005 | 20250806211611.0 | ||
| 035 | _a(NLR Aleph) 007139654 | ||
| 090 |
_a70476 _c70476 |
||
| 100 | _a20110917d1941 u y0rusy50 ca | ||
| 101 | 0 | _arus | |
| 102 | _aRU | ||
| 105 | _aa z ||||| | ||
| 200 | 1 |
_aКак изготовить быстросменные вырубные штампы _fПод ред. П.Я. Пытьева |
|
| 210 |
_aМосква _cОборонгиз _d1941 |
||
| 215 |
_a36 с. _cил., черт. _d20 см |
||
| 700 | 1 |
_aЕгоров _bС.Е. |
|
| 702 | 1 |
_aПытьев _bП.Я. _4340 |
|
| 801 | 0 |
_aRU _bNLR _gpsbo |
|
| 801 | 1 |
_aRU _bELAR _2rusmarc |
|
| 852 |
_aNLR _jТ36 Г-4/89 |
||
| 942 | _cBOOK | ||
| 945 | _aРоссийская национальная библиотека | ||
| 980 | _aNB | ||
| 980 | _aBV | ||